02251nam0a2200289 i 4500001002400000005001700024021001900041035002600060100004100086101001300127102000700140105001800147200070600165210004500871215001500916300021700931300004701148320003301195606015401228606017201382686001801554686001701572701006501589701012501654701003601779701014601815RU\NLR\BIBL_A\01119588220241102195327.0 aRUb2016-58524 a(NLR Aleph) 011195882 a20160815d2016 u y0rusy50 ca0 arusalat aRU ay|||j|||000yy1 aНервно-мышечные комплексы и их кровоснабжениеeучебное пособиеe[для студентов 1 и 2 курсов медицинских вузов по специальностям 31.05.01 "Лечебное дело", 31.05.02 "Педиатрия", 31.05.03 "Стоматология" и др.]fП.В. Сутягин, Н.А. Маслова, Т.В. Овчинникова, Т.А. ТихоноваgМ-во здравоохранения Рос. Федерации, Гос. бюджет. образоват. учреждение высш. проф. образования "Рос. нац. исслед. мед. ун-т им. Н.И. Пирогова" aМоскваcИзд-во РАМНd2016 a82 с.d20 aНа обороте тит. л. авт.: П.В. Сутягин, д.б.н., доц., Н.А. Маслова, к.м.н., доц., Т.В. Овчинникова, преп., Т.А. Тихонова, к.м.н., доц. aЧасть текста на лат. яз. aБиблиогр.: с. 81-82 aМышцыjУчебные издания для высших учебных заведенийxКровоснабжение3RU\NLR\AUTH\667266431 aМышечные сокращенияjУчебные издания для высших учебных заведенийxРегуляция3RU\NLR\AUTH\6614775001 aЕ863.14я7311 aЕ982.4я731 1aСутягинbП. В.gПавел Валентинович 17ca8rusaМасловаbН. А.cканд. мед. наукgНаталья Алексеевна3RU\NLR\AUTH\770163361 1aОвчинниковаbТ. В. 1aТихоноваbТ. А.cканд. мед. наук, морфологияgТатьяна Александровна3RU\NLR\AUTH\770138695